| 000 | 00519nam a22001577a 4500 | ||
|---|---|---|---|
| 020 | _qHard Cover. | ||
| 082 | _a621.3 | ||
| 100 | _aAhmad, Habib | ||
| 245 |
_aDesign and development of GaN based Monolithic Tunable Multi-wavelength LEDs / _cHabib Ahmad |
||
| 260 |
_aIslamabad : _bCEME - NUST, _c2014. |
||
| 300 |
_ai, 108 , : ill. ; _c30cm. |
||
| 650 |
_aElectrical Engineering-MS-Thesis _916073 |
||
| 700 |
_aDr. Shahzad Hussain. _916182 |
||
| 942 |
_2ddc _cTHE |
||
| 999 |
_c540621 _d540621 |
||